Paldea Region Pokédex - Statistics

General Stats
  • This quiz has been taken 204 times
  • The average score is 175 of 400
Answer Stats
# Type Answer % Correct
005 Fire Crocalor
98%
002 Grass Floragato
98%
004 Fire Fuecoco
98%
003 Grass/Dark Meowscarada
98%
009 Water/Fighting Quaquaval
98%
007 Water Quaxly
98%
008 Water Quaxwell
98%
006 Fire/Ghost Skeledirge
98%
001 Grass Sprigatito
98%
015 Bug/Dark Lokix
92%
016 Grass/Flying Hoppip
88%
018 Grass/Flying Jumpluff
88%
010 Normal Lechonk
88%
014 Bug Nymble
88%
022 Electric Pawmi
88%
023 Electric/Fighting Pawmo
88%
024 Electric/Fighting Pawmot
88%
017 Grass/Flying Skiploom
88%
026 Dark/Fire Houndoom
86%
025 Dark/Fire Houndour
86%
011 Normal Oinkologne
86%
073 Electric Pichu
86%
075 Electric Raichu
86%
013 Bug Spidops
86%
074 Electric Pikachu
84%
012 Bug Tarountula
84%
020 Fire/Flying Fletchinder
80%
021 Fire/Flying Talonflame
80%
019 Normal/Flying Fletchling
78%
059 Normal/Fairy Igglybuff
76%
060 Normal/Fairy Jigglypuff
76%
061 Normal/Fairy Wigglytuff
76%
054 Poison/Ground Clodsire
73%
042 Flying/Steel Corviknight
73%
041 Flying Corvisquire
73%
040 Flying Rookidee
73%
077 Fairy Dachsbun
71%
076 Fairy Fidough
71%
086 Grass/Normal Arboliva
69%
085 Grass/Normal Dolliv
69%
400 Electric/Dragon Miraidon
69%
053 Poison/Ground Paldean Wooper
69%
035 Bug Scatterbug
69%
084 Grass/Normal Smoliv
69%
036 Bug Spewpa
69%
037 Bug/Flying Vivillon
69%
178 Electric/Flying Kilowattrel
67%
177 Electric/Flying Wattrel
67%
068 Ghost/Poison Gastly
65%
070 Ghost/Poison Gengar
65%
069 Ghost/Poison Haunter
65%
399 Fighting/Dragon Koraidon
65%
290 Flying/Dark Bombirdier
63%
114 Ghost Misdreavus
63%
115 Ghost Mismagius
63%
375 Dragon/Water Tatsugiri
63%
048 Water/Fairy Azumarill
61%
046 Normal/Fairy Azurill
61%
374 Water Dondozo
61%
064 Psychic/Fairy Gardevoir
61%
203 Poison/Normal Grafaiai
61%
386 Fire/Poison Iron Moth
61%
063 Psychic/Fairy Kirlia
61%
047 Water/Fairy Marill
61%
062 Psychic/Fairy Ralts
61%
397 Dragon/Dark Roaring Moon
61%
202 Poison/Normal Shroodle
61%
113 Normal/Flying Squawkabilly
61%
244 Ground/Grass Toedscool
61%
245 Ground/Grass Toedscruel
61%
377 Fairy/Psychic Scream Tail
59%
276 Dragon Bagon
57%
179 Normal Eevee
57%
182 Fire Flareon
57%
065 Psychic/Fighting Gallade
57%
186 Ice Glaceon
57%
376 Ground/Fighting Great Tusk
57%
384 Fighting/Electric Iron Hands
57%
387 Rock/Electric Iron Thorns
57%
249 Rock Klawf
57%
185 Grass Leafeon
57%
278 Dragon/Flying Salamence
57%
277 Dragon Shelgon
57%
187 Fairy Sylveon
57%
395 Dark/Ground Ting-Lu
57%
184 Dark Umbreon
57%
180 Water Vaporeon
57%
394 Dark/Ice Chien-Pao
55%
396 Dark/Fire Chi-Yu
55%
295 Dragon/Normal Cyclizar
55%
189 Normal Dudunsparce
55%
183 Psychic Espeon
55%
193 Normal/Psychic Farigiraf
55%
388 Dragon/Ice Frigibax
55%
056 Water Golduck
55%
383 Ice/Water Iron Bundle
55%
382 Ground/Steel Iron Treads
55%
181 Electric Jolteon
55%
197 Dark Mabosstiff
55%
223 FightingFighting/Fire Fighting/Water Paldean Tauros(Blaze Breed) (Aqua Breed)
55%
055 Water Psyduck
55%
373 Water/Psychic Veluza
55%
288 Water Wiglett
55%
289 Water Wugtrio
55%
389 Dragon/Ice Arctibax
53%
390 Dragon/Ice Baxcalibur
53%
192 Normal/Psychic Girafarig
53%
224 Fire/Normal Litleo
53%
209 Electric/Steel Magnemite
53%
210 Electric/Steel Magneton
53%
211 Electric/Steel Magnezone
53%
296 Steel Orthworm
53%
225 Fire/Normal Pyroar
53%
294 Steel/Poison Revavroom
53%
293 Steel/Poison Varoom
53%
393 Dark/Grass Wo-Chien
53%
166 Fire/Psychic Armarouge
51%
167 Fire/Ghost Ceruledge
51%
165 Fire Charcadet
51%
348 Dragon Dragonair
51%
347 Dragon Dratini
51%
188 Normal Dunsparce
51%
379 Ghost/Fairy Flutter Mane
51%
398 Fairy/Fighting Iron Valiant
51%
129 Rock Nacli
51%
130 Rock Naclstack
51%
381 Electric/Ground Sandy Shocks
51%
198 Electric/Poison Toxel
51%
160 Fighting/Ghost Annihilape
49%
349 Dragon/Flying Dragonite
49%
346 Flying/Fighting Flamigo
49%
131 Rock Garganacl
49%
369 Dark/Steel Kingambit
49%
158 Fighting Mankey
49%
196 Dark Maschiff
49%
232 Dark/Flying Murkrow
49%
159 Fighting Primeape
49%
380 Bug/Fighting Slither Wing
49%
099 Normal/Flying Staraptor
49%
098 Normal/Flying Staravia
49%
097 Normal/Flying Starly
49%
199 Electric/Poison Toxtricity
49%
171 Electric Bellibolt
47%
378 Grass/Dark Brute Bonnet
47%
370 Dark/Dragon Deino
47%
291 Water Finizen
47%
145 Fairy Flabébé
47%
146 Fairy Floette
47%
147 Fairy Florges
47%
392 Steel/Ghost Gholdengo
47%
391 Ghost Gimmighoul
47%
174 Dragon Goodra
47%
172 Dragon Goomy
47%
233 Dark/Flying Honchkrow
47%
372 Dark/Dragon Hydreigon
47%
385 Dark/Flying Iron Jugulis
47%
050 Bug/Flying Masquerain
47%
292 Water Palafin
47%
173 Dragon Sliggoo
47%
049 Bug/Water Surskit
47%
170 Electric Tadbulb
47%
371 Dark/Dragon Zweilous
47%
368 Dark/Steel Bisharp
45%
045 Normal Blissey
45%
044 Normal Chansey
45%
123 Ground Donphan
45%
066 Psychic Drowzee
45%
127 Dragon/Ground Gabite
45%
128 Dragon/Ground Garchomp
45%
126 Dragon/Ground Gible
45%
043 Normal Happiny
45%
067 Psychic Hypno
45%
316 Rock/Ground Larvitar
45%
367 Dark/Steel Pawniard
45%
122 Ground Phanpy
45%
317 Rock/Ground Pupitar
45%
255 Bug/Psychic Rabsca
45%
078 Normal Slakoth
45%
230 Dark/Ice Sneasel
45%
279 Fairy/Steel Tinkatink
45%
281 Fairy/Steel Tinkaton
45%
280 Fairy/Steel Tinkatuff
45%
318 Rock/Dark Tyranitar
45%
231 Dark/Ice Weavile
45%
108 Grass/Dragon Applin
43%
243 Grass/Ghost Brambleghast
43%
242 Grass/Ghost Bramblin
43%
250 Grass Capsakid
43%
057 Water Chewtle
43%
093 Rock/Fire Coalossal
43%
038 Bug/Flying Combee
43%
058 Water/Rock Drednaw
43%
072 Normal Maushold
43%
254 Bug Rellor
43%
091 Rock Rolycoly
43%
261 Bug/Steel Scizor
43%
251 Grass/Fire Scovillain
43%
094 Electric Shinx
43%
227 Poison/Dark Skuntank
43%
080 Normal Slaking
43%
226 Poison/Dark Stunky
43%
071 Normal Tandemaus
43%
039 Bug/Flying Vespiquen
43%
079 Normal Vigoroth
43%
220 Dragon/Flying Altaria
41%
110 Grass/Dragon Appletun
41%
362 Ice Cetitan
41%
361 Ice Cetoddle
41%
264 Psychic Espathra
41%
109 Grass/Dragon Flapple
41%
030 Normal Greedent
41%
135 Water/Flying Gyarados
41%
164 Fighting/Steel Lucario
41%
095 Electric Luxio
41%
096 Electric Luxray
41%
134 Water Magikarp
41%
100 Varies/Flying Oricorio
41%
104 Grass Petilil
41%
163 Fighting Riolu
41%
029 Normal Skwovet
41%
204 Normal Stantler
41%
219 Normal/Flying Swablu
41%
148 Ground Diglett
39%
149 Ground Dugtrio
39%
263 Psychic Flittle
39%
308 Rock/Poison Glimmet
39%
309 Rock/Poison Glimmora
39%
311 Ghost Greavard
39%
117 Fighting Hariyama
39%
312 Ghost Houndstone
39%
274 Bug/Fire Larvesta
39%
105 Grass Lilligant
39%
090 Rock Lycanroc
39%
116 Fighting Makuhita
39%
089 Rock Rockruff
39%
260 Bug/Flying Scyther
39%
237 Ghost Sinistea
39%
275 Bug/Fire Volcarona
39%
214 Fire Arcanine
37%
200 Electric/Fairy Dedenne
37%
359 Ice/Ghost Froslass
37%
358 Ice Glalie
37%
213 Fire Growlithe
37%
285 Dark/Fairy Impidimp
37%
286 Dark/Fairy Morgrem
37%
303 Flying/Dragon Noibat
37%
304 Flying/Dragon Noivern
37%
238 Ghost Polteageist
37%
357 Ice Snorunt
37%
299 Ghost Banette
35%
087 Rock Bonsly
35%
208 Electric Electrode
35%
194 Poison Grimer
35%
033 Bug Kricketot
35%
034 Bug Kricketune
35%
195 Poison Muk
35%
298 Ghost Shuppet
35%
088 Rock Sudowoodo
35%
031 Grass Sunkern
35%
215 Normal Teddiursa
35%
216 Normal Ursaring
35%
207 Electric Voltorb
35%
206 Grass/Poison Amoonguss
33%
103 Electric Ampharos
33%
092 Rock/Fire Carkoal
33%
125 Steel Copperajah
33%
175 Poison/Fighting Croagunk
33%
124 Steel Cufant
33%
190 Normal/Grass Deerling
33%
306 Dragon/Ghost Drakloak
33%
305 Dragon/Ghost Dreepy
33%
102 Electric Flaaffy
33%
205 Grass/Poison Foongus
33%
241 Psychic/Normal Indeedee
33%
101 Electric Mareep
33%
297 Dark/Ghost Sableye
33%
120 Poison/Fire Salandit
33%
121 Poison/Fire Salazzle
33%
191 Normal/Grass Sawsbuck
33%
325 Water/Psychic Slowbro
33%
324 Water/Psychic Slowpoke
33%
032 Grass Sunflora
33%
176 Poison/Fighting Toxicroak
33%
136 Water Arrokuda
31%
137 Water Barraskewda
31%
081 Grass Bounsweet
31%
307 Dragon/Ghost Dragapult
31%
222 Grass Gogoat
31%
287 Dark/Fairy Grimmsnarl
31%
028 Normal Gumshoos
31%
240 Steel/Fairy Klefki
31%
162 Fighting/Psychic Medicham
31%
161 Fighting/Psychic Meditite
31%
239 Ghost/Fairy Mimikyu
31%
221 Grass Skiddo
31%
326 Water/Psychic Slowking
31%
082 Grass Steenee
31%
083 Grass Tsareena
31%
257 Bug/Poison Venomoth
31%
256 Bug/Poison Venonat
31%
027 Normal Yungoos
31%
229 Dark Zoroark
31%
228 Dark Zorua
31%
107 Grass/Fighting Breloom
29%
330 Water/Ice Cloyster
29%
301 Fighting/Flying Hawlucha
29%
262 Bug/Fighting Heracross
29%
141 Normal Meowth
29%
201 Electric Pachirisu
29%
142 Normal Persian
29%
329 Water Shellder
29%
106 Grass Shroomish
29%
155 Dragon Axew
27%
156 Dragon Fraxure
27%
282 Psychic Hatenna
27%
284 Psychic/Fairy Hatterene
27%
283 Psychic Hattrem
27%
157 Dragon Haxorus
27%
268 Ground/Dark Krokorok
27%
269 Ground/Dark Krookodile
27%
133 Water/Flying Pelipper
27%
310 Electric/Varies Rotom
27%
267 Ground/Dark Sandile
27%
246 Grass/Flying Tropius
27%
132 Water/Flying Wingull
27%
168 Water/Ground Barboach
24%
138 Water Basculin
24%
252 Grass Cacnea
24%
259 Bug/Steel Forretress
24%
112 Psychic Grumpig
24%
258 Bug Pineco
24%
218 Poison Seviper
24%
302 Ghost/Dark Spiritomb
24%
111 Psychic Spoink
24%
217 Normal Zangoose
24%
356 Ice Beartic
22%
366 Normal/Flying Braviary
22%
051 Water Buizel
22%
355 Ice Cubchoo
22%
354 Ice/Flying Delibird
22%
144 Ghost/Flying Drifblim
22%
143 Ghost/Flying Drifloon
22%
342 Electric Eelektrik
22%
343 Electric Eelektross
22%
052 Water Floatzel
22%
247 Grass Fomantis
22%
344 Poison/Water Mareanie
22%
365 Normal/Flying Rufflet
22%
345 Poison/Water Toxapex
22%
341 Electric Tynamo
22%
169 Water/Ground Whiscash
22%
353 Grass/Ice Abomasnow
20%
154 Steel/Psychic Bronzong
20%
153 Steel/Psychic Bronzor
20%
253 Grass/Dark Cacturne
20%
119 Fighting/Ice Crabominable
20%
118 Fighting Crabrawler
20%
351 Ice/Bug Frosmoth
20%
234 Psychic Gothita
20%
236 Psychic Gothitelle
20%
235 Psychic Gothorita
20%
139 Poison Gulpin
20%
265 Ground Hippopotas
20%
266 Ground Hippowdon
20%
248 Grass Lurantis
20%
151 Fire/Ground Numel
20%
313 Normal/Psychic Oranguru
20%
322 Ghost/Ground Sandygast
20%
350 Ice/Bug Snom
20%
352 Grass/Ice Snover
20%
319 Rock Stonjourner
20%
140 Poison Swalot
20%
150 Fire Torkoal
20%
152 Fire/Ground Camerupt
18%
360 Ice Cryogonal
18%
212 Normal Ditto
18%
320 Ice Eiscue
18%
300 Fighting Falinks
18%
333 Water Finneon
18%
315 Normal Komala
18%
334 Water Lumineon
18%
323 Ghost/Ground Palossand
18%
271 Ground Sandaconda
18%
270 Ground Silicobra
18%
314 Fighting Passimian
16%
321 Electric Pincurchin
16%
364 Ice Avalugg
14%
363 Ice Bergmite
14%
332 Water Luvdisc
14%
272 Ground Mudbray
14%
273 Ground Mudsdale
14%
339 Water Clauncher
12%
340 Water Clawitzer
12%
338 Poison/Dragon Dragalge
12%
331 Water/Poison Qwilfish
12%
337 Poison/Water Skrelp
12%
335 Water/Psychic Bruxish
10%
336 Water Alomomola
8%
328 Water/Ground Gastrodon
6%
327 Water Shellos
6%
No matching quizzes found
Score Distribution
Percent of People with Each Score
Percentile by Number Answered
Your Score History
You have not taken this quiz